000 00431nam a2200181Ia 4500
001 19658
005 20260306172709.0
008 260306t2010||||xx |||||||||||||| ||spa||
041 _aESP
082 _a340.92
_bN94
100 _aNúñez Borja , Humberto
_eAUT
245 0 _aEl Perú de mi experiencia:
_bmanuscritos de 1953
260 _c2010
300 _a
_c
650 _aGEN
654 _aCDE
942 _cLIB
_dJUS
_fJUS
_2ddc
_n
999 _c19658
_d19658